Nomina Patrum ac Fratrum qui, Societatem Jesu Ingressi, in ea Supremum Diem Obierunt / [por] Alexander Vivier / [por]

Na minha lista:
Detalhes bibliográficos
Autor principal: Vivier, Alexander, S.J (autor)
Formato: Livro
Assuntos:
Tags: Adicionar Tag
Sem tags, seja o primeiro a adicionar uma tag!

MARC

LEADER 00000nam^a2200000^u^4500
001 000544179
005 20250521000000.0
008 060220s1000^^^^^^^^^^^^r^^^^^000^0^spa^d
009 20260310131322.665
035 |a FMI 000013280 
037 |a Acervo Xavier Clavigero 
096 |a 3.3/4/E 
100 |a Vivier, Alexander, S.J.  |e (autor) 
245 1 0 |a Nomina Patrum ac Fratrum qui, Societatem Jesu Ingressi, in ea Supremum Diem Obierunt / [por] Alexander Vivier / [por] 
264 |a Paris : Leroy, 1897 
300 |a xxiii, 763 p. 
336 |a texto  |b txt  |2 rdacontenido 
337 |a sin mediación  |b n  |2 rdamedio 
338 |a volumen  |b nc  |2 rdasoporte 
597 |a 7 Agosto 1818 - 7 Agosto 1894 
649 |a XX 
650 |a HISTORIA DE LA SJ 
910 |a Fondo Francisco Migoya Covarrubias S.J. 
920 |a Impresos - Libros 
930 |a Fondos Especiales 
905 |a 134 
901 |a SBC09549  |b IT2  |c ESP  |u 20250521 
902 |a https://opac.biblio.iteso.mx/vufind/Record/000544179